000 00346nam a22000977a 4500
999 _c507122
_d507122
082 _aT13x5451 I
100 _aAndhra Pradesh. Directorate of Economics and Statistics
_9746
245 _aIndex of industrial production, 2009-2010
_cby Directorate of Economics and Statistics
260 _aHyderabad
_bGovernment of Andhra Pradesh
_c2011
300 _a55p.